| 000 | 00812cam a22002771 4500 | ||
|---|---|---|---|
| 001 | 6351 | ||
| 003 | BD-RjUL | ||
| 005 | 20211208234229.0 | ||
| 008 | 110114s1966 enkab b 000 0 eng | ||
| 035 | _a(BD-RjUL)6391 | ||
| 035 | _a(OCoLC)404284 | ||
| 040 |
_aDLC _cOAU _dOCoLC _dUk _d(BD-RjUL) _beng |
||
| 041 | _aeng | ||
| 082 |
_a387.72 _bSEG 1966 |
||
| 100 | 1 |
_aSealy, Kenneth R. _919991 |
|
| 245 | 1 | 4 |
_aThe geography of air transport / _c[by] Kenneth R. Sealy. |
| 250 | _a[Revised ed.] | ||
| 260 |
_aLondon, _bHutchinson, _c1966. |
||
| 300 |
_a198 p. _bmaps, tables, diagrs. _c22 cm. |
||
| 490 | 0 | _aHutchinson University Library, geography | |
| 504 | _aBibliography: p. [189]-192. | ||
| 650 | 0 |
_aAeronautics, Commercial. _911388 |
|
| 942 |
_2ddc _cBK |
||
| 999 |
_c6351 _d6351 |
||